000 00723nam a2200301Ia 4500
003 IT-RoPAU
005 20220918175836.0
008 120407s9999 xx 000 0 und d
040 _aIT-RoPAU
040 _cIT-RoPAU
041 _aita
100 _aLuciano Bardi
_936063
100 _ccur.
_916924
245 _aPolitica in Italia. Ed. 1998
250 _aBologna
260 _aIl Mulino
260 _c1998
300 _a327 p.
300 _bbrossura
300 _c21,5 cm
490 _v1
600 _aI fatti dell’anno (1997) e le interpretaz.
_936064
700 _aMartin Rhodes
_936065
700 _ccur.
_916924
710 _aIstituto Carlo Cattaneo
_936066
942 _cBK
_2ddc
999 _c32667
_d32667